00389 a2200145 4500001000700000003000400007005001700011008004100028082001700069245004200086260003800128300001000166653004100176700002600217069014OSt20220331162016.0  a891.733bI1I1 aIvan Turgenevcedited by Harold Bloom aPhiladelphiabChelsea Housec2003 a241p. aTurgenev, Ivan Sergeevich, 1818-1883 aBloom, HaroldeEditor